000 00402nam a2200169Ia 4500
008 210210b2011 xxu||||| |||| 00| 0 eng d
020 _a9781444720730
041 _aeng
082 _a813.54 KINS
100 _aKING (Stephen)
245 _aStand
260 _aLondon
_bHodder and Stoughton
_c2011
300 _axiv,1325
650 _aStand
690 _aAmerican English Fiction
906 _a074049
999 _c123810
_d123810